Seminár o ľudských právach postihnutých občanov

Bibliographic Details
Main Author: Palát, Miroslav, 1927-2014 (Author)
Format: Article
Language:Slovak
ISSN:1210-0366
Subjects:

MARC

LEADER 00000nab a2200000 a 4500
001 vtls000811585
003 SK-MaSNL
005 20260305041941.0
008 250429c2002 xo 0 slo
015 |a SNBRB2002/10-32495 
035 |a CLN000163240 
035 |a urn:nbn:sk:snk-ab7alm 
035 |a (uuid)eed39667-fe7e-4d95-af07-a8965952fb34 
035 |a (urnnbn)urn:nbn:sk:snk:ar-a07dqx 
035 |a (sysno)vtls000811585 
040 |a SNKBUCL  |b slo  |c SNKBUCL  |e AACR2 
041 0 |a slo 
044 |a xo  |c SK 
080 |a 342.7-056.27:061.3  |2 1997 
100 1 |a Palát, Miroslav,  |d 1927-2014  |4 aut  |9 203087 
245 1 0 |a Seminár o ľudských právach postihnutých občanov  |c Miroslav Palát 
650 0 7 |a zdravotne postihnuté osoby  |2 snkbucl  |9 1249 
650 0 7 |a ľudské práva  |2 snkbucl  |9 798 
655 7 |a články z novín a časopisov  |2 snkbucl  |9 267496 
773 0 |t Eurorehab  |g Roč. 12, č. 2 (2002), s. 108  |x 1210-0366 
850 |a Slovenská národná knižnica 
852 |a Slovenská národná knižnica 
954 |a odborná, vedecká literatúra pôvodná (slovenská)  |2 lita 
958 |a article27 
958 |a OND 
958 |a MI 
958 |a EUIPO 
992 |a RBX 
999 |c 3345613  |d 3347543